Surveys in Social Research / 4th Edition (Record no. 379)
[ view plain ]
| 000 -LEADER | |
|---|---|
| fixed length control field | 01340cam a22002054a 4500 |
| 005 - ΗΜΕΡΟΜΗΝΙΑ ΚΑΙ ΩΡΑ ΤΕΛΕΥΤΑΙΑΣ ΕΝΗΜΕΡΩΣΗΣ | |
| Πεδίο ελέγχου | 20250605163933.0 |
| 008 - FIXED-LENGTH DATA ELEMENTS--GENERAL INFORMATION | |
| Πεδίο ελέγχου σταθερού μήκους | 250528s ||||||||||||||||||||||||d |
| 035 ## - SYSTEM CONTROL NUMBER | |
| System control number | 14759 |
| 020 ## - ISBN | |
| ISBN | 1857285425 |
| 040 ## - ΠΗΓΗ ΚΑΤΑΛΟΓΟΓΡΑΦΗΣΗΣ | |
| Φορέας πρωτότυπης καταλογογράφησης | MC Athens Campus Library |
| Γλώσσα καταλογογράφησης | Ελληνικά, Μοντέρνα (1453-) |
| Modifying agency | MC Athens Campus Library |
| Κανόνες περιγραφικής καταλογογράφησης | AACR2 |
| 245 1# - ΤΙΤΛΟΣ ΚΑΙ ΔΗΛΩΣΗ ΥΠΕΥΘΥΝΟΤΗΤΑΣ | |
| Τίτλος | Surveys in Social Research / 4th Edition |
| 250 ## - EDITION STATEMENT | |
| Edition statement | 4th |
| 260 ## - PUBLICATION, DISTRIBUTION, ETC. | |
| Name of publisher, distributor, etc. | Rouledge, |
| Date of publication, distribution, etc. | 2001 |
| 300 ## - PHYSICAL DESCRIPTION | |
| Extent | 412 |
| 520 ## - SUMMARY, ETC. | |
| Summary, etc. | This book assumes no background in statistical analysis, and gives readers the tools they need to come to grips with this often confusing field of work. Preface, The Scope of Survey Research, The Nature of Surveys, Theory and Social Research, Formulating and Clarifying Research Questions, Collecting Data, Developing Indicators for Concepts, Finding a Sample, Constructing Questionnaires, Administering Questionnaires, Analyzing Data, Overview of Analysis, Bivariate Analysis: Crosstabulations, Bivariate Analysis: Alternative Methods, Elaborating Bivariate Relationships, Multivariate Analysis, The Process of Analysis, Coding, Building Scales, Initial Analysis, Moving Beyond Initial Analysis, Putting It Into Practice: A Research Example, Ethics in Survey Research, The Potential of Surveys, Areas of the Normal Curve, Exercises, Glossary, Bibliography, Index. |
| 700 1# - ΠΡΟΣΘΕΤΗ ΑΝΑΓΡΑΦΗ--ΦΥΣΙΚΟ ΠΡΟΣΩΠΟ | |
| Personal name | De Vaus D.A |
| 9 (RLIN) | 451 |
| 942 ## - ADDED ENTRY ELEMENTS (KOHA) | |
| Koha item type | Books |
| Τύπος τεκμηρίου | Βιβλιοθήκη | Τρέχουσα τοποθεσία | Barcode | Αριθμός εισαγωγής | Ημερομηνία απόκτησης | Ταξιθετικό σύμβολο | Αριθμός αντιτύπου | Κατάσταση απόσυρσης | Κατάσταση χαμένου | Κατάσταση κατεστραμμένου | Μη δανεισμός | Σύνολο δανεισμών | Ημερομηνία τελευταίας εμφάνισης | Η τιμή ισχύει από |
|---|---|---|---|---|---|---|---|---|---|---|---|---|---|---|
| Books | MC Athens Campus Library | MC Athens Campus Library | 9780000003782 | 4533 | 05/06/2025 | 300.723 VAU | 1 | 05/06/2025 | 05/06/2025 |